000 00574nam a2200229Ia 4500
003 OSt
005 20230511145928.0
008 210423s2011 xx 000 0 und d
020 _a9789380280141
040 _cAL
041 _aeng
082 _a346.07 MAIU
100 _aMAIYA (Umesh)
_990517
245 _aTextbook of commercial law
260 _aNew Delhi
_bJagdamba Publishing Co.
_c2011
300 _aiv,298
_bPB
365 _b225
_cINR
650 _aCommercial Law
_990518
650 _aLaw
_990519
906 _acommercial ; law ; Textbook
942 _2ddc
_cBK
999 _c160142
_d160142